000
00207nam a22000857a 4500
008
160714b xxu||||| |||| 00| 0 eng d
100
_9
2856
_a
Herse, H
245
_a
Demian
260
_a
London
_b
Hrper Collins
_c
1960
999
_c
2431
_d
2431